| 000 | 00600nam a2200217Ia 4500 | ||
|---|---|---|---|
| 003 | OSt | ||
| 005 | 20230503103107.0 | ||
| 008 | 210423s2010 xx 000 0 und d | ||
| 020 | _a978-81-265-2574-4 | ||
| 040 | _cAL | ||
| 041 | _aeng | ||
| 082 |
_a581.0724 _223 _bVUNC |
||
| 100 |
_aVUNJAK-NOVAKOVIC (Gordana);FRESHNEY (Ian R) _996570 |
||
| 245 | _aCulture of cells for tissue engineering | ||
| 260 |
_aDelhi _bWiley India Pvt Ltd _c2010 |
||
| 300 |
_axiii,512 _bPB |
||
| 365 |
_b1295 _cINR |
||
| 650 |
_aBotany _996571 |
||
| 906 | _acells ; Culture ; engineering ; tissue | ||
| 942 |
_2ddc _cBK |
||
| 999 |
_c170722 _d170722 |
||